| 000 | 00489nam a2200169 i 4500 | ||
|---|---|---|---|
| 001 | 19770 | ||
| 003 | ES-MaACL | ||
| 005 | 20230906152149.0 | ||
| 007 | t| | ||
| 008 | 021011s1972 sp ||||1| spa d | ||
| 100 | 1 |
_aAbumalham, Mayib. _918196 |
|
| 245 | 1 | 0 |
_aOtros horizontes / _cMayid Abumalham ; prólogo de Algredo J. Ramos. |
| 260 |
_aMadrid : _bEl Buen Consejo, _c[1972] |
||
| 300 |
_a146 p. ; _c19 cm. |
||
| 700 | 1 |
_aRamos, Alfredo J. _995240 |
|
| 852 |
_aES-MaACL _jC-53208 _bR.84177 |
||
| 999 |
_c19770 _d19770 |
||